| Registos Bibliográficos associados ao registo de autoridade |
|
Etiqueta de registo: 00254nam 2200025 450 001 2287647 003 http://id.bnportugal.gov.pt/bib/catbnp/2287647 100 ## $a20260609d2025 k y0pory01030103ba 101 0# $apor$deng$dspa 102 ## $aPT 105 ## $ay m 000yy 106 ## $ar 200 1# $a A tutela dos direitos dos deslocados internos por razões ambientais em Cabo Delgado-Moçambique
(2019-2021)$fAna Lúcia César Machanguia$gorient. Paulo Manuel Abreu da Silva Costa, Lúcio Manuel Gomes de Sousa 210 #9 $aLisboa$c[s.n.],$d2025 215 ## $aXX, 242 p.$d30 cm 700 #1 $aMachanguia,$bAna Lúcia César $32000260 702 #1 $aCosta,$bPaulo Manuel$4727$3267259 702 #1 $aSousa,$bLúcio Manuel Gomes de$4727$31892945 801 #0 $aPT$bBN$gRPC 966 ## $lBN$mFGMON$x1 971 ## $cjbeatriz$d20260609
|
|
|